Labdarúgás rekreációs lehetőségei

Elmentve itt :
Bibliográfiai részletek
Szerző: Suhajda Gergely
További közreműködők: Bóka Ferenc (Témavezető)
Dokumentumtípus: Szakdolgozat
Megjelent: 2016
Tárgyszavak:
Online Access:http://diploma.bibl.u-szeged.hu/67994
LEADER 00632nta a2200169 i 4500
001 dipl67994
005 20170613182951.0
008 170613s2016 hu om 0|| zxx d
040 |a SZTE Diploma Repozitórium  |b hun 
041 |a zxx 
100 1 |a Suhajda Gergely 
245 1 0 |a Labdarúgás rekreációs lehetőségei  |h [elektronikus dokumentum] /  |c Gergely Suhajda 
246 1 0 |a Recreational possibilities of football  |h [elektronikus dokumentum] 
260 |c 2016 
650 4 |a Pedagógusképzés 
700 1 |a Bóka Ferenc  |e ths 
856 4 0 |u http://diploma.bibl.u-szeged.hu/id/eprint/67994/1/2016_Suhajda_Gergely_SUGTAAF_SZE_SZ.pdf  |z Dokumentum-elérés